00628nam a2200193Ia 450000500170000000800410001702000210005804000190007904100120009808200160011010000180012624501440014425000110028826000650029930000210036465000190038570000200040485000100042420221019114142.0131103s9999 xx 000 0 und d a74639390cRs 165 aLoreto College aEnglish a153.94bTHO aThorpe, Edgar aCourse in mental ability and quantitative aptitudeb for competitive examinations cEdgar Thorpe. Revised by Showick Thorpe, Vandana Thorpe a2nd ed aNew DelhibTata McGraw-Hill Publishing Company Limitedc2000 a435 pb diagrams aAptitude Tests aThorpe, Showick aLCLIB